[Event "N1 Reykjavik Open 2014"]
[Site "Reykjavik, Iceland"]
[Date "2014.03.10"]
[Round "8.17"]
[White "Abrahamyan, Tatev"]
[Black "Idani, Pouya"]
[Result "1-0"]
[WhiteElo "2376"]
[BlackElo "2496"]
[LiveChessVersion "1.4.2"]

1. e4 
    {[%clk 1:30:57]}
1. ... c5 
    {[%clk 1:30:55]}
2. Nf3 
    {[%clk 1:31:23]}
2. ... d6 
    {[%clk 1:31:21]}
3. d4 
    {[%clk 1:31:49]}
3. ... cxd4 
    {[%clk 1:31:47]}
4. Nxd4 
    {[%clk 1:32:16]}
4. ... Nf6 
    {[%clk 1:32:10]}
5. Nc3 
    {[%clk 1:32:41]}
5. ... a6 
    {[%clk 1:32:37]}
6. Be3 
    {[%clk 1:32:42]}
6. ... e5 
    {[%clk 1:33:00]}
7. Nb3 
    {[%clk 1:33:08]}
7. ... Be6 
    {[%clk 1:33:27]}
8. f3 
    {[%clk 1:33:05]}
8. ... h5 
    {[%clk 1:33:51]}
9. Qd2 
    {[%clk 1:33:27]}
9. ... Nbd7 
    {[%clk 1:34:15]}
10. O-O-O 
    {[%clk 1:33:40]}
10. ... Rc8 
    {[%clk 1:34:42]}
11. Kb1 
    {[%clk 1:33:40]}
11. ... Be7 
    {[%clk 1:35:06]}
12. h3 
    {[%clk 1:33:27]}
12. ... h4 
    {[%clk 1:35:31]}
13. Bd3 
    {[%clk 1:32:50]}
13. ... b5 
    {[%clk 1:35:55]}
14. f4 
    {[%clk 1:31:46]}
14. ... Qc7 
    {[%clk 1:35:16]}
15. Rhe1 
    {[%clk 1:27:00]}
15. ... Bc4 
    {[%clk 1:35:39]}
16. a3 
    {[%clk 1:16:39]}
16. ... Rb8 
    {[%clk 1:35:54]}
17. Na2 
    {[%clk 1:10:52]}
17. ... Bd8 
    {[%clk 1:16:36]}
18. Nb4 
    {[%clk 0:55:22]}
18. ... Qb7 
    {[%clk 1:09:26]}
19. Nd5 
    {[%clk 0:50:46]}
19. ... Nxd5 
    {[%clk 0:57:32]}
20. exd5 
    {[%clk 0:51:10]}
20. ... Bxd3 
    {[%clk 0:53:43]}
21. Qxd3 
    {[%clk 0:51:07]}
21. ... O-O 
    {[%clk 0:54:07]}
22. g3 
    {[%clk 0:32:01]}
22. ... hxg3 
    {[%clk 0:42:09]}
23. f5 
    {[%clk 0:28:41]}
23. ... Rc8 
    {[%clk 0:31:21]}
24. Rg1 
    {[%clk 0:25:38]}
24. ... Bh4 
    {[%clk 0:31:46]}
25. Na5 
    {[%clk 0:21:26]}
25. ... Qc7 
    {[%clk 0:27:55]}
26. Qe4 
    {[%clk 0:20:45]}
26. ... Bf6 
    {[%clk 0:27:07]}
27. Nc6 
    {[%clk 0:19:30]}
27. ... Nb8 
    {[%clk 0:27:33]}
28. Nxb8 
    {[%clk 0:18:47]}
28. ... Qxb8 
    {[%clk 0:27:53]}
29. Rxg3 
    {[%clk 0:19:04]}
29. ... Rc4 
    {[%clk 0:21:51]}
30. Qg2 
    {[%clk 0:19:08]}
30. ... Kh8 
    {[%clk 0:20:53]}
31. Rg1 
    {[%clk 0:15:52]}
31. ... Rg8 
    {[%clk 0:21:15]}
32. Bg5 
    {[%clk 0:11:02]}
32. ... Qd8 
    {[%clk 0:20:34]}
33. Qf3 
    {[%clk 0:10:33]}
33. ... g6 
    {[%clk 0:19:15]}
34. fxg6 
    {[%clk 0:09:53]}
34. ... Rxg6 
    {[%clk 0:19:32]}
35. Qh5+ 
    {[%clk 0:10:05]}
35. ... Kg7 
    {[%clk 0:19:50]}
36. Bh6+ 
    {[%clk 0:09:59]}
1-0

[Event "N1 Reykjavik Open 2014"]
[Site "Reykjavik, Iceland"]
[Date "2014.03.10"]
[Round "8.18"]
[White "Harika, Dronavalli"]
[Black "Arngrimsson, Dagur"]
[Result "1-0"]
[WhiteElo "2487"]
[BlackElo "2382"]
[LiveChessVersion "1.4.2"]

1. d4 
    {[%clk 1:30:51]}
1. ... d5 
    {[%clk 1:30:53]}
2. c4 
    {[%clk 1:31:15]}
2. ... c6 
    {[%clk 1:31:20]}
3. Nf3 
    {[%clk 1:31:38]}
3. ... Nf6 
    {[%clk 1:31:45]}
4. Nc3 
    {[%clk 1:32:00]}
4. ... dxc4 
    {[%clk 1:32:03]}
5. a4 
    {[%clk 1:32:03]}
5. ... Bf5 
    {[%clk 1:32:22]}
6. Ne5 
    {[%clk 1:32:17]}
6. ... Nbd7 
    {[%clk 1:32:44]}
7. Nxc4 
    {[%clk 1:32:31]}
7. ... Nb6 
    {[%clk 1:32:30]}
8. Ne5 
    {[%clk 1:32:35]}
8. ... a5 
    {[%clk 1:32:52]}
9. e3 
    {[%clk 1:32:42]}
9. ... h6 
    {[%clk 1:32:23]}
10. Bd3 
    {[%clk 1:31:56]}
10. ... Bxd3 
    {[%clk 1:31:50]}
11. Nxd3 
    {[%clk 1:32:16]}
11. ... Nbd5 
    {[%clk 1:25:54]}
12. Qb3 
    {[%clk 1:32:31]}
12. ... Qb6 
    {[%clk 1:21:12]}
13. Qxb6 
    {[%clk 1:32:52]}
13. ... Nxb6 
    {[%clk 1:21:38]}
14. e4 
    {[%clk 1:27:55]}
14. ... e6 
    {[%clk 1:19:59]}
15. Ke2 
    {[%clk 1:26:39]}
15. ... Bb4 
    {[%clk 1:15:28]}
16. f3 
    {[%clk 1:26:54]}
16. ... O-O 
    {[%clk 1:13:15]}
17. g4 
    {[%clk 1:08:36]}
17. ... Rfd8 
    {[%clk 1:09:41]}
18. Rd1 
    {[%clk 1:00:50]}
18. ... Nc4 
    {[%clk 1:04:38]}
19. Na2 
    {[%clk 0:57:58]}
19. ... Be7 
    {[%clk 0:55:46]}
20. b3 
    {[%clk 0:57:53]}
20. ... Na3 
    {[%clk 0:52:13]}
21. Ne1 
    {[%clk 0:47:33]}
21. ... b5 
    {[%clk 0:50:39]}
22. Nc3 
    {[%clk 0:40:23]}
22. ... b4 
    {[%clk 0:48:24]}
23. Bxa3 
    {[%clk 0:40:12]}
23. ... bxa3 
    {[%clk 0:48:45]}
24. Nb1 
    {[%clk 0:40:00]}
24. ... Rab8 
    {[%clk 0:48:02]}
25. Rd3 
    {[%clk 0:39:58]}
25. ... e5 
    {[%clk 0:35:56]}
26. dxe5 
    {[%clk 0:36:42]}
26. ... Nd7 
    {[%clk 0:35:41]}
27. Nxa3 
    {[%clk 0:36:33]}
27. ... Nc5 
    {[%clk 0:34:35]}
28. Rxd8+ 
    {[%clk 0:36:40]}
28. ... Rxd8 
    {[%clk 0:34:07]}
29. Rd1 
    {[%clk 0:19:22]}
29. ... Rb8 
    {[%clk 0:33:14]}
30. Nc4 
    {[%clk 0:19:43]}
30. ... Nxb3 
    {[%clk 0:33:21]}
31. Nc2 
    {[%clk 0:09:14]}
31. ... Nc5 
    {[%clk 0:31:46]}
32. Nd4 
    {[%clk 0:07:04]}
32. ... Rb4 
    {[%clk 0:26:21]}
33. Nxa5 
    {[%clk 0:05:57]}
33. ... Bg5 
    {[%clk 0:26:28]}
34. Naxc6 
    {[%clk 0:05:18]}
34. ... Rxa4 
    {[%clk 0:24:49]}
35. Kf1 
    {[%clk 0:05:07]}
35. ... Ra2 
    {[%clk 0:23:58]}
36. Ne2 
    {[%clk 0:05:28]}
36. ... Nb3 
    {[%clk 0:21:29]}
37. f4 
    {[%clk 0:04:04]}
37. ... Bh4 
    {[%clk 0:21:54]}
38. Ncd4 
    {[%clk 0:04:02]}
38. ... Nd2+ 
    {[%clk 0:21:40]}
39. Kg2 
    {[%clk 0:04:31]}
39. ... Nxe4 
    {[%clk 0:21:59]}
40. Kf3 
    {[%clk 0:33:33]}
40. ... Nd2+ 
    {[%clk 0:44:13]}
41. Ke3 
    {[%clk 0:27:55]}
41. ... Nc4+ 
    {[%clk 0:44:12]}
42. Ke4 
    {[%clk 0:28:13]}
42. ... Bf2 
    {[%clk 0:41:37]}
43. Rc1 
    {[%clk 0:26:22]}
43. ... Ra4 
    {[%clk 0:39:49]}
44. Rc2 
    {[%clk 0:22:54]}
44. ... Nb6 
    {[%clk 0:30:31]}
45. f5 
    {[%clk 0:21:31]}
45. ... Ra3 
    {[%clk 0:26:02]}
46. Nc3 
    {[%clk 0:18:26]}
46. ... Bg1 
    {[%clk 0:24:05]}
47. h4 
    {[%clk 0:15:34]}
47. ... Kf8 
    {[%clk 0:21:53]}
48. g5 
    {[%clk 0:13:38]}
48. ... hxg5 
    {[%clk 0:17:55]}
49. hxg5 
    {[%clk 0:14:07]}
49. ... Nc4 
    {[%clk 0:16:17]}
50. Nf3 
    {[%clk 0:13:12]}
50. ... Ba7 
    {[%clk 0:14:56]}
51. f6 
    {[%clk 0:12:46]}
51. ... gxf6 
    {[%clk 0:14:57]}
52. gxf6 
    {[%clk 0:13:13]}
52. ... Ne3 
    {[%clk 0:10:19]}
53. Rc1 
    {[%clk 0:10:38]}
53. ... Ke8 
    {[%clk 0:07:51]}
54. Nb5 
    {[%clk 0:08:58]}
54. ... Ra4+ 
    {[%clk 0:08:15]}
55. Kd3 
    {[%clk 0:07:21]}
55. ... Bb6 
    {[%clk 0:05:50]}
56. e6 
    {[%clk 0:07:28]}
56. ... fxe6 
    {[%clk 0:03:42]}
57. Ne5 
    {[%clk 0:07:57]}
57. ... Kd8 
    {[%clk 0:02:47]}
58. Rh1 
    {[%clk 0:06:20]}
58. ... Kc8 
    {[%clk 0:02:30]}
59. f7 
    {[%clk 0:06:41]}
1-0

[Event "N1 Reykjavik Open 2014"]
[Site "Reykjavik, Iceland"]
[Date "2014.03.10"]
[Round "8.19"]
[White "Lie, Espen"]
[Black "Bjerke, Richard"]
[Result "1-0"]
[WhiteElo "2456"]
[BlackElo "2162"]
[LiveChessVersion "1.4.2"]

1. e4 e6 2. d3 d5 3. Qe2 Nf6 4. Nf3 Be7 5. g3 c5 6. Bg2 Nc6 7. O-O O-O 8. 
e5 Nd7 9. c4 Nb6 10. h4 f6 11. exf6 Bxf6 12. Na3 a6 13. Be3 Na4 14. Rab1 
Nb4 15. d4 dxc4 16. Qxc4 b5 17. Qb3 cxd4 18. Nxd4 Nd5 19. Rfd1 Kh8 20. 
Nac2 Qe8 21. Nb4 Nxe3 22. Qxe3 Rb8 23. b3 Nb6 24. Ndc6 Rb7 25. Na5 Qe7 26.
 Nxb7 Bxb7 27. Bxb7 Qxb7 28. Qxe6 a5 29. Nd5 Nxd5 30. Rxd5 Qa7 31. Qd7 1-0

[Event "N1 Reykjavik Open 2014"]
[Site "Reykjavik, Iceland"]
[Date "2014.03.10"]
[Round "8.20"]
[White "Ekeberg, Carl Fredrik"]
[Black "Grandelius, Nils"]
[Result "1/2-1/2"]
[WhiteElo "2303"]
[BlackElo "2600"]
[LiveChessVersion "1.4.2"]

1. d4 
    {[%clk 1:30:49]}
1. ... Nf6 
    {[%clk 1:30:49]}
2. c4 
    {[%clk 1:31:05]}
2. ... g6 
    {[%clk 1:29:43]}
3. Nc3 
    {[%clk 1:31:26]}
3. ... d5 
    {[%clk 1:30:09]}
4. cxd5 
    {[%clk 1:31:50]}
4. ... Nxd5 
    {[%clk 1:30:34]}
5. e4 
    {[%clk 1:32:11]}
5. ... Nxc3 
    {[%clk 1:31:01]}
6. bxc3 
    {[%clk 1:32:35]}
6. ... Bg7 
    {[%clk 1:31:27]}
7. Be3 
    {[%clk 1:32:57]}
7. ... O-O 
    {[%clk 1:28:23]}
8. Qd2 
    {[%clk 1:31:30]}
8. ... c5 
    {[%clk 1:21:28]}
9. Nf3 
    {[%clk 1:30:53]}
9. ... Qa5 
    {[%clk 1:20:28]}
10. Rc1 
    {[%clk 1:30:36]}
10. ... Rd8 
    {[%clk 1:17:07]}
11. Be2 
    {[%clk 1:27:19]}
11. ... Nc6 
    {[%clk 1:05:31]}
12. d5 
    {[%clk 1:26:56]}
12. ... e6 
    {[%clk 1:05:58]}
13. Bg5 
    {[%clk 1:23:57]}
13. ... f6 
    {[%clk 1:06:17]}
14. Bf4 
    {[%clk 1:23:39]}
14. ... Qa4 
    {[%clk 0:53:29]}
15. Qc2 
    {[%clk 1:15:18]}
15. ... Qxc2 
    {[%clk 0:51:11]}
16. Rxc2 
    {[%clk 1:14:40]}
16. ... exd5 
    {[%clk 0:47:47]}
17. exd5 
    {[%clk 1:15:03]}
17. ... Ne7 
    {[%clk 0:48:03]}
18. Bc7 
    {[%clk 0:36:03]}
18. ... Re8 
    {[%clk 0:47:29]}
19. Bb5 
    {[%clk 0:32:39]}
19. ... Nxd5+ 
    {[%clk 0:46:51]}
20. Bxe8 
    {[%clk 0:30:09]}
20. ... Nxc7 
    {[%clk 0:47:17]}
21. Re2 
    {[%clk 0:29:50]}
21. ... Kf8 
    {[%clk 0:38:01]}
22. Ba4 
    {[%clk 0:30:08]}
22. ... b5 
    {[%clk 0:38:27]}
23. Bc2 
    {[%clk 0:23:43]}
23. ... Be6 
    {[%clk 0:32:59]}
24. Bd3 
    {[%clk 0:18:10]}
24. ... c4 
    {[%clk 0:22:36]}
25. Be4 
    {[%clk 0:17:45]}
25. ... Rb8 
    {[%clk 0:21:07]}
26. Nd4 
    {[%clk 0:13:44]}
26. ... f5 
    {[%clk 0:21:16]}
27. Bf3 
    {[%clk 0:13:51]}
27. ... Bxd4 
    {[%clk 0:12:25]}
28. cxd4 
    {[%clk 0:14:16]}
28. ... Rd8 
    {[%clk 0:12:51]}
29. Kd2 
    {[%clk 0:08:10]}
29. ... b4 
    {[%clk 0:11:15]}
30. Rhe1 
    {[%clk 0:06:01]}
30. ... Rxd4+ 
    {[%clk 0:07:21]}
31. Kc1 
    {[%clk 0:06:30]}
31. ... Ke7 
    {[%clk 0:07:42]}
32. Re5 
    {[%clk 0:05:11]}
32. ... Kd6 
    {[%clk 0:08:06]}
33. Ra5 
    {[%clk 0:05:17]}
33. ... a6 
    {[%clk 0:07:17]}
34. Rd1 
    {[%clk 0:03:56]}
34. ... Rxd1+ 
    {[%clk 0:07:41]}
35. Kxd1 
    {[%clk 0:04:17]}
35. ... Bd7 
    {[%clk 0:05:05]}
36. Be2 
    {[%clk 0:03:22]}
36. ... Bb5 
    {[%clk 0:02:06]}
37. a4 
    {[%clk 0:03:39]}
37. ... bxa3 
    {[%clk 0:02:26]}
38. Rxa3 
    {[%clk 0:03:58]}
38. ... Nd5 
    {[%clk 0:02:41]}
39. Bf3 
    {[%clk 0:02:38]}
39. ... Nb4 
    {[%clk 0:02:54]}
40. Kd2 
    {[%clk 0:31:55]}
40. ... Nd3 
    {[%clk 0:31:26]}
41. Bb7 
    {[%clk 0:19:42]}
41. ... Nc5 
    {[%clk 0:23:36]}
42. Bf3 
    {[%clk 0:20:05]}
42. ... Nd3 
    {[%clk 0:23:17]}
43. Bb7 
    {[%clk 0:20:29]}
43. ... Nc5 
    {[%clk 0:23:42]}
44. Bf3 
    {[%clk 0:20:54]}
44. ... g5 
    {[%clk 0:18:58]}
45. h3 
    {[%clk 0:16:38]}
45. ... Ke5 
    {[%clk 0:15:55]}
46. Kc3 
    {[%clk 0:16:27]}
46. ... Na4+ 
    {[%clk 0:15:27]}
47. Kb4 
    {[%clk 0:15:33]}
47. ... Kd4 
    {[%clk 0:11:18]}
48. Ra1 
    {[%clk 0:10:16]}
48. ... Nb2 
    {[%clk 0:07:18]}
49. Be2 
    {[%clk 0:09:20]}
49. ... f4 
    {[%clk 0:07:02]}
50. Rc1 
    {[%clk 0:07:48]}
50. ... h6 
    {[%clk 0:05:08]}
51. Rc2 
    {[%clk 0:06:36]}
51. ... Nd3+ 
    {[%clk 0:05:37]}
52. Bxd3 
    {[%clk 0:06:21]}
52. ... Kxd3 
    {[%clk 0:04:53]}
53. Rc3+ 
    {[%clk 0:04:03]}
53. ... Ke2 
    {[%clk 0:05:22]}
54. Rc2+ 
    {[%clk 0:02:30]}
54. ... Kf1 
    {[%clk 0:05:49]}
55. f3 
    {[%clk 0:02:13]}
55. ... Kg1 
    {[%clk 0:02:23]}
56. Kc3 
    {[%clk 0:01:43]}
56. ... Kh2 
    {[%clk 0:02:46]}
57. Rd2 
    {[%clk 0:01:10]}
57. ... Kg3 
    {[%clk 0:01:41]}
58. Rd6 
    {[%clk 0:01:05]}
58. ... Kxg2 
    {[%clk 0:00:39]}
59. Rxh6 
    {[%clk 0:01:29]}
59. ... Kxf3 
    {[%clk 0:01:03]}
60. Rg6 
    {[%clk 0:01:25]}
60. ... Kg3 
    {[%clk 0:00:45]}
61. Rxg5+ 
    {[%clk 0:01:51]}
61. ... Kxh3 
    {[%clk 0:01:14]}
62. Rg7 
    {[%clk 0:01:23]}
62. ... f3 
    {[%clk 0:00:37]}
63. Rg6 
    {[%clk 0:01:03]}
63. ... f2 
    {[%clk 0:00:42]}
64. Rf6 
    {[%clk 0:01:32]}
64. ... Kg2 
    {[%clk 0:01:07]}
65. Rg6+ 
    {[%clk 0:01:58]}
65. ... Kf3 
    {[%clk 0:01:30]}
66. Rf6+ 
    {[%clk 0:02:21]}
66. ... Ke2 
    {[%clk 0:01:42]}
67. Re6+ 
    {[%clk 0:02:47]}
67. ... Kf3 
    {[%clk 0:01:39]}
68. Rf6+ 
    {[%clk 0:03:04]}
68. ... Kg2 
    {[%clk 0:02:07]}
69. Rg6+ 
    {[%clk 0:03:28]}
69. ... Kf1 
    {[%clk 0:02:31]}
70. Rf6 
    {[%clk 0:03:03]}
70. ... a5 
    {[%clk 0:01:54]}
71. Rb6 
    {[%clk 0:01:43]}
71. ... Kg2 
    {[%clk 0:01:12]}
72. Rg6+ 
    {[%clk 0:02:02]}
72. ... Kh3 
    {[%clk 0:01:41]}
73. Rf6 
    {[%clk 0:02:14]}
73. ... Kg3 
    {[%clk 0:02:10]}
74. Rg6+ 
    {[%clk 0:02:33]}
74. ... Kf4 
    {[%clk 0:02:15]}
75. Rf6+ 
    {[%clk 0:02:54]}
75. ... Ke3 
    {[%clk 0:02:40]}
76. Re6+ 
    {[%clk 0:03:19]}
76. ... Kf3 
    {[%clk 0:03:08]}
77. Rf6+ 
    {[%clk 0:03:42]}
77. ... Ke2 
    {[%clk 0:03:35]}
78. Re6+ 
    {[%clk 0:04:02]}
78. ... Kf1 
    {[%clk 0:04:05]}
79. Rb6 
    {[%clk 0:04:15]}
79. ... a4 
    {[%clk 0:00:49]}
80. Rxb5 
    {[%clk 0:04:30]}
80. ... a3 
    {[%clk 0:01:18]}
81. Rb8 
    {[%clk 0:01:14]}
81. ... Ke2 
    {[%clk 0:00:47]}
82. Re8+ 
    {[%clk 0:01:34]}
82. ... Kd1 
    {[%clk 0:01:13]}
83. Rf8 
    {[%clk 0:01:51]}
83. ... Ke2 
    {[%clk 0:01:05]}
84. Re8+ 
    {[%clk 0:02:15]}
84. ... Kf1 
    {[%clk 0:01:00]}
85. Ra8 
    {[%clk 0:01:53]}
85. ... Ke2 
    {[%clk 0:01:02]}
86. Re8+ 
    {[%clk 0:02:18]}
86. ... Kd1 
    {[%clk 0:01:29]}
87. Rf8 
    {[%clk 0:02:39]}
87. ... a2 
    {[%clk 0:01:49]}
88. Kb2 
    {[%clk 0:02:59]}
88. ... c3+ 
    {[%clk 0:01:54]}
89. Kxa2 
    {[%clk 0:03:20]}
89. ... c2 
    {[%clk 0:02:19]}
90. Rxf2 
    {[%clk 0:03:40]}
90. ... c1=Q 
    {[%clk 0:02:42]}
91. Rf1+ 
    {[%clk 0:04:06]}
91. ... Kd2 
    {[%clk 0:03:08]}
92. Rxc1 
    {[%clk 0:04:32]}
92. ... Kxc1 1/2-1/2

[Event "N1 Reykjavik Open 2014"]
[Site "Reykjavik, Iceland"]
[Date "2014.03.10"]
[Round "8.21"]
[White "Khademalsharieh, Sarasadat"]
[Black "Pavlovic, Milos"]
[Result "0-1"]
[WhiteElo "2294"]
[BlackElo "2506"]
[EventDate "2014.03.04"]
[PlyCount "0"]

1. d4 g6 2. Nf3 Bg7 3. g3 c5 4. Bg2 cxd4 5. Nxd4 Nc6 6. Nxc6 bxc6 7. O-O 
Rb8 8. c4 Nf6 9. Nc3 Qa5 10. Qc2 O-O 11. Rd1 Ng4 12. h3 Ne5 13. Bf4 d6 14.
 Bd2 Bf5 15. e4 Nxc4 16. Na4 Nxd2 17. exf5 Rb4 18. Qxd2 Rxa4 19. fxg6 hxg6
20. Bxc6 Qxd2 21. Rxd2 Ra6 22. Bd5 Rb8 23. Re1 e6 24. Bb3 d5 25. Rc2 Rab6 
26. Rec1 Bd4 27. Kf1 a5 28. Rc8+ Kg7 29. Rxb8 Rxb8 30. Rc2 g5 31. Rd2 Be5 
32. Re2 Kf6 33. Kg2 Rb4 34. Kf3 Bd4 35. Rd2 Ke5 36. Ke2 f5 37. Kd3 Kd6 38.
 g4 f4 39. f3 e5 40. h4 gxh4 41. g5 a4 42. Bd1 h3 43. g6 Bg1 0-1

[Event "N1 Reykjavik Open 2014"]
[Site "Reykjavik, Iceland"]
[Date "2014.03.10"]
[Round "8.22"]
[White "Kristjansson, Stefan"]
[Black "Bekker-Jensen, David"]
[Result "1-0"]
[WhiteElo "2503"]
[BlackElo "2299"]
[EventDate "2014.03.04"]
[PlyCount "99"]

1. e4 e5 2. Nf3 Nc6 3. Bc4 Bc5 4. c3 Nf6 5. d3 O-O 6. O-O d5 7. exd5 Nxd5 
8. h3 a6 9. Re1 Nb6 10. Bb3 h6 11. Nxe5 Nxe5 12. d4 Bxd4 13. cxd4 Nc6 14. 
d5 Nb4 15. Nc3 Bf5 16. Re3 a5 17. a3 Na6 18. Qd4 Bg6 19. Bd2 c5 20. Qf4 
Rc8 21. Bc4 Nc7 22. Rae1 Ncxd5 23. Nxd5 Nxd5 24. Bxd5 Qxd5 25. Bxa5 Qd4 
26. Qxd4 cxd4 27. Rb3 Rc5 28. Bb6 Rd5 29. Rb4 d3 30. Rd1 d2 31. Bd4 Rfd8 
32. Rxd2 R8d7 33. Kf1 f6 34. Ke1 Be4 35. f3 Bb1 36. Bc3 Bd3 37. Kf2 Kf7 
38. Rb6 Kg6 39. g4 h5 40. Kg3 hxg4 41. hxg4 Kf7 42. a4 Ke7 43. f4 Kd8 44. 
f5 Re7 45. Bb4 Re3+ 46. Kf2 Re4 47. Rd6+ Rxd6 48. Bxd6 Bb1 49. Kf3 Re8 50.
 Bf8+ 1-0

[Event "N1 Reykjavik Open 2014"]
[Site "Reykjavik, Iceland"]
[Date "2014.03.10"]
[Round "8.23"]
[White "Vaarala, Eric"]
[Black "Urkedal, Frode"]
[Result "1/2-1/2"]
[WhiteElo "2285"]
[BlackElo "2495"]
[EventDate "2014.03.04"]
[PlyCount "98"]

1. d4 Nf6 2. c4 e6 3. Nf3 b6 4. g3 Ba6 5. b3 Bb7 6. Bg2 Bb4+ 7. Bd2 a5 8. 
O-O O-O 9. a3 Be7 10. Nc3 d5 11. cxd5 exd5 12. Ne5 Qc8 13. Bg5 Rd8 14. Qd3
Qe6 15. Nb5 Na6 16. f4 c5 17. f5 Qc8 18. Rac1 Nc7 19. a4 Nxb5 20. axb5 a4 
21. Ng4 axb3 22. Qxb3 c4 23. Qf3 Rd6 24. Bxf6 Bxf6 25. Qf4 Qd8 26. Nxf6+ 
Qxf6 27. Rf3 Re8 28. Re3 Rxe3 29. Qxe3 Rd8 30. g4 Kf8 31. Qf4 Re8 32. Bf3 
g5 33. Qd2 Ra8 34. Rc3 h5 35. Re3 hxg4 36. Bxg4 Ra1+ 37. Kg2 Rb1 38. Re5 
c3 39. Qd3 Rb2 40. Qxc3 Qxe5 41. Qxb2 Qe4+ 42. Bf3 Qxf5 43. Qa3+ Kg7 44. 
Qd6 Qe6 45. Qg3 Kh6 46. h4 Qe7 47. hxg5+ Qxg5 48. Qxg5+ Kxg5 49. Kg3 Ba8 
1/2-1/2

[Event "N1 Reykjavik Open 2014"]
[Site "Reykjavik, Iceland"]
[Date "2014.03.10"]
[Round "8.24"]
[White "Constantinou, Peter"]
[Black "Colovic, Aleksandar"]
[Result "1/2-1/2"]
[WhiteElo "2270"]
[BlackElo "2493"]
[EventDate "2014.03.04"]
[PlyCount "0"]

1. d4 Nf6 2. c3 c5 3. Nf3 d5 4. dxc5 a5 5. e3 e6 6. b4 b6 7. a4 bxc5 8. b5
Nbd7 9. c4 Nb6 10. Bb2 Bb7 11. Nbd2 Bd6 12. Qc2 O-O 13. Bd3 h6 14. e4 Bc7 
15. O-O d4 16. Nb3 Nbd7 17. Ba3 Bb6 18. Qe2 e5 19. Nh4 g6 20. g3 Ne8 21. 
Rae1 Nd6 22. Qg4 Nf6 23. Qd1 Ndxe4 24. Qc2 Ng5 25. f3 e4 26. fxe4 Nd7 27. 
Ng2 Ne5 28. Bxc5 Ngf3+ 29. Kh1 Nxe1 30. Rxe1 Bxc5 31. Nxc5 Bc8 32. Nb3 Be6
33. c5 Rc8 34. c6 Re8 35. Nf4 h5 36. Nc5 Bg4 37. Nb7 Qf6 38. Be2 h4 39. 
Bxg4 Nxg4 40. Nxa5 1/2-1/2

[Event "N1 Reykjavik Open 2014"]
[Site "Reykjavik, Iceland"]
[Date "2014.03.10"]
[Round "8.25"]
[White "Kvisvik, Brede"]
[Black "Krush, Irina"]
[Result "1/2-1/2"]
[WhiteElo "2257"]
[BlackElo "2490"]
[EventDate "2014.03.04"]
[PlyCount "127"]

1. Nf3 c5 2. c4 Nc6 3. d4 cxd4 4. Nxd4 Nf6 5. Nc3 e6 6. Bf4 d6 7. Ndb5 e5 
8. Bg5 a6 9. Bxf6 gxf6 10. Na3 f5 11. e3 Bg7 12. Be2 O-O 13. Qd2 Be6 14. 
Rd1 Qg5 15. g3 Rad8 16. Nd5 e4 17. h4 Qh6 18. Nb6 Be5 19. Nb1 Kh8 20. Nc3 
Qg7 21. Rb1 Ne7 22. Ncd5 Bxd5 23. cxd5 Rg8 24. a4 f4 25. gxf4 Qg2 26. Rf1 
Bf6 27. h5 Nf5 28. Rc1 Rg7 29. Rc8 Rxc8 30. Nxc8 Rg8 31. Nb6 Qg7 32. Qc2 
Bxb2 33. Kd2 Re8 34. h6 Nxh6 35. Nc4 Bf6 36. Rb1 Nf5 37. Rxb7 Kg8 38. Qb1 
Bc3+ 39. Kc2 Ba1 40. Rb8 Qc3+ 41. Kd1 Rxb8 42. Qxb8+ Kg7 43. Qb1 Kf6 44. 
Qxe4 Qb3+ 45. Qc2 Qb4 46. Bd3 Bc3 47. Ke2 h6 48. a5 Ne7 49. Nxd6 Nxd5 50. 
Ne4+ Kg7 51. Bxa6 Qxa5 52. Bc4 Ba1 53. Qa2 Qxa2+ 54. Bxa2 Nc3+ 55. Nxc3 
Bxc3 56. Kf3 f6 57. Kg4 Kf8 58. Kf5 Ke7 59. Bc4 Be1 60. f3 Bd2 61. e4 Bc1 
62. e5 Bb2 63. Bd5 Bc3 64. Bc4 1/2-1/2

[Event "N1 Reykjavik Open 2014"]
[Site "Reykjavik, Iceland"]
[Date "2014.03.10"]
[Round "8.26"]
[White "Galego, Luis"]
[Black "Pajeken, Wolfgang"]
[Result "1-0"]
[WhiteElo "2463"]
[BlackElo "2308"]
[EventDate "2014.03.04"]
[PlyCount "73"]

1. e4 Nf6 2. d3 Nc6 3. Nf3 e5 4. g3 g6 5. Bg2 Bg7 6. O-O O-O 7. Nc3 d6 8. 
h3 h6 9. Be3 Be6 10. d4 exd4 11. Nxd4 Nxd4 12. Bxd4 Qd7 13. Kh2 a6 14. f4 
c5 15. Be3 Rad8 16. Qd2 Kh7 17. Qf2 b5 18. a3 b4 19. axb4 cxb4 20. Na4 
Rfe8 21. Rfe1 Qb5 22. Bd4 Bc8 23. b3 Bb7 24. Rad1 Re7 25. Bxf6 Bxf6 26. e5
Bg7 27. Bxb7 Qxb7 28. Re2 Bf8 29. h4 Ree8 30. Red2 Qb8 31. Nb6 dxe5 32. 
Nd7 Rxd7 33. Rxd7 exf4 34. Rxf7+ Kg8 35. Rxf4 Bd6 36. Rf3 Re6 37. Re1 1-0

[Event "N1 Reykjavik Open 2014"]
[Site "Reykjavik, Iceland"]
[Date "2014.03.10"]
[Round "8.28"]
[White "Wunnink, Michael"]
[Black "Hamitevici, Vladimir"]
[Result "0-1"]
[WhiteElo "2251"]
[BlackElo "2456"]
[EventDate "2014.03.04"]
[PlyCount "66"]

1. d4 Nf6 2. c4 b6 3. Nc3 Bb7 4. Qc2 d5 5. cxd5 Nxd5 6. e4 Nxc3 7. bxc3 e6
8. Nf3 Nd7 9. Bd3 c5 10. O-O Rc8 11. Qe2 cxd4 12. cxd4 Be7 13. d5 exd5 14.
 e5 O-O 15. e6 Nc5 16. exf7+ Rxf7 17. Ne5 Rf8 18. Bc2 Ba6 19. Qh5 Ne4 20. 
Bd3 Bxd3 21. Nxd3 Bf6 22. Bb2 d4 23. Rad1 Nc3 24. Rd2 Qe8 25. Qh3 Qf7 26. 
a3 Rce8 27. Nb4 a5 28. Nc2 Qc4 29. Qd3 Qxd3 30. Rxd3 Re2 31. Bxc3 dxc3 32.
 Ne3 Rc8 33. Nd5 c2 0-1

[Event "N1 Reykjavik Open 2014"]
[Site "Reykjavik, Iceland"]
[Date "2014.03.10"]
[Round "8.29"]
[White "Kernazhitsky, Leonid"]
[Black "Djurhuus, Rune"]
[Result "0-1"]
[WhiteElo "2249"]
[BlackElo "2447"]
[EventDate "2014.03.04"]
[PlyCount "98"]

1. e4 c5 2. Nf3 d6 3. d4 cxd4 4. Nxd4 Nf6 5. Nc3 a6 6. h3 e6 7. g4 d5 8. 
e5 Nfd7 9. f4 Qh4+ 10. Ke2 Nc6 11. Nf3 Qd8 12. Be3 Bb4 13. Kf2 f6 14. exf6
Qxf6 15. g5 Qf7 16. Kg2 Bc5 17. Qd2 O-O 18. Be2 Bd6 19. Rhf1 Bxf4 20. Ne5 
Bxe3 21. Qxe3 Qe7 22. Rxf8+ Nxf8 23. Rf1 Nxe5 24. Qxe5 Ng6 25. Qg3 Bd7 26.
 h4 Bc6 27. Bf3 Rf8 28. Ne2 e5 29. h5 Nf4+ 30. Nxf4 Rxf4 31. Be2 d4+ 32. 
Kh2 Rxf1 33. Bxf1 Qf7 34. Bh3 Qd5 35. Kg1 Qf3 36. Be6+ Kf8 37. Qxf3+ Bxf3 
38. Kf2 Be4 39. c3 Ke7 40. Bg4 dxc3 41. bxc3 h6 42. gxh6 gxh6 43. Ke3 Bd5 
44. a3 b6 45. Be2 a5 46. Bd1 Kf6 47. Be2 Kg5 48. Bd1 Bf7 49. Ke4 Bxh5 0-1